Normal view
MARC view
- SCURR,RUTH
Entry Personal Name
001 - CONTROL NUMBER
- control field: 132646
003 - CONTROL NUMBER IDENTIFIER
- control field: NUST
005 - DATE AND TIME OF LATEST TRANSACTION
- control field: 20251231120733.0
008 - FIXED-LENGTH DATA ELEMENTS
- fixed length control field: 251231|| aca||aabn | a|a d
040 ## - CATALOGING SOURCE
- Original cataloging agency: NUST
- Transcribing agency: NUST
100 ## - HEADING--PERSONAL NAME
- Personal name: SCURR,RUTH
670 ## - SOURCE DATA FOUND
- Source citation: Work cat.: (NUST): SCURR,RUTH., FATAL PURITY ROBESPIERRE AND THE FRENCH REVOLUTION /, 2006.
